书目信息 |
| 题名: |
现代住宅风水
|
|
| 作者: | 黄一真 主编 | |
| 分册: | ||
| 出版信息: | 文光出版社 2004.12 |
|
| 页数: | 274页 | |
| 开本: | 20cm | |
| 丛书名: | ||
| 单 册: | ||
| 中图分类: | B992.4 | |
| 科图分类: | ||
| 主题词: | 迷信术数 , 陀罗尼 | |
| 电子资源: | ||
| ISBN: | 962-491-350-1 | |
| 000 | 00539nam0 2200193 450 | |
| 001 | 1752424569 | |
| 005 | 20170410144028.58 | |
| 010 | @a962-491-350-1@dCNY68.00 | |
| 100 | @a20170410d2004 km y0chiy0120 ea | |
| 101 | 0 | @achi |
| 200 | 1 | @a现代住宅风水@Axian dai zhu zhai feng shui@f黄一真主编@Fhuang yi zhen zhu bian |
| 210 | @c文光出版社@d2004.12 | |
| 215 | @a274页@d20cm | |
| 606 | 0 | @a迷信术数 |
| 606 | 0 | @a陀罗尼 |
| 690 | @aB992.4@v4 | |
| 701 | 0 | @a黄一真@Ahuang yi zhen@4主编 |
| 801 | 0 | @aCN@bMUSE@c20170410 |
| 905 | @aMUSE@dB992.4@eH9193 | |
| 现代住宅风水/黄一真主编.-文光出版社,2004.12 |
| 274页;20cm |
| ISBN 962-491-350-1:CNY68.00 |
| ● |
| 相关链接 |
|
|
|
正题名:现代住宅风水
索取号:B992.4/H9193
 
预约/预借
| 序号 | 登录号 | 条形码 | 馆藏地/架位号 | 状态 | 备注 |
| 1 | 1239357 | 212393578 | 自科二线400A/400A自科库 48排1列5层/ [索取号:B992.4/H9193] | 在馆 |